=LDR 00000nam 2200000 4500 =001 INLIS000000000011264 =005 20130612102839 =008 ***********************************Ind** =035 ##$$0010-061300000011264 =041 ##$$a Ind =082 ##$$a 959.8 =090 ##$$a 959.8, Kah p =100 ##$$a Kahim, Audrey R =245 ##$$a Pergolakan Daerah Pada Awal Kemerdekaan, Audry Kahin =260 ##$$a 1989 $b Jakarta =300 ##$$a VIII 304 hlm., ilus, 21 cm =650 ##$$a Indonesia- Sejarah- Revolusi =850 ##$$a NBPNMAT